Normal view
MARC view
- المراهقة-جوانب نفسية-الاطفال-علم نفس-مناهج بحث-علم النفس الارتقائي
Entry Topical Term
001 - CONTROL NUMBER
- control field: 36062
003 - CONTROL NUMBER IDENTIFIER
- control field: JO-AjAnu
005 - DATE AND TIME OF LATEST TRANSACTION
- control field: 20230606080026.0
008 - FIXED-LENGTH DATA ELEMENTS
- fixed length control field: 230606|| aca||aabn | a|a d
040 ## - CATALOGING SOURCE
- Original cataloging agency: JO-AjAnu
- Transcribing agency: JO-AjAnu
150 ## - HEADING--TOPICAL TERM
- Topical term or geographic name entry element: المراهقة-جوانب نفسية-الاطفال-علم نفس-مناهج بحث-علم النفس الارتقائي
670 ## - SOURCE DATA FOUND
- Source citation: Work cat.: (JO-AjAnu)18516: دسوقي، كمال, author 36061, النمو التربوي للطفل والمراهق :دروس في علم النفس الارتقائي